|
|
|
|
| LEADER |
01142nab#a2200385#ar4500 |
| 001 |
000108758 |
| 003 |
SVKKK |
| 005 |
20120918082105.0 |
| 008 |
120917c2011 xo |||||||||||||||b|slo |
| FMT |
|
|
|
| 015 |
|
|
|a SNBRB2012/09
|
| 038 |
|
|
|a SVKKK
|
| 040 |
|
|
|a SVKKK
|b slo
|e AACR2
|
| 041 |
0 |
|
|a slo
|
| 044 |
|
|
|a xo
|c SK
|
| 080 |
|
|
|a 502.7
|x (437.6)
|2 1997
|
| 080 |
|
|
|a 630
|x (437.6)
|2 1997
|
| 090 |
|
|
|a V.226497
|
| 100 |
1 |
|
|a Jurica, Ján
|4 aut
|
| 245 |
1 |
0 |
|a Ochrana lesov a realizácia obranných opatrení vo VLM SR, š.p.
|c Ján Jurica
|
| 300 |
|
|
|b Obr., tab.
|
| 610 |
2 |
4 |
|a Vojenské lesy a majetky SR, š.p (Pliešovce, Slovensko)
|
| 650 |
0 |
4 |
|a ochrana lesa
|x aktuálne problémy
|
| 650 |
0 |
4 |
|a lesné pozemky
|
| 650 |
0 |
4 |
|a obranné opatrenia
|
| 651 |
|
4 |
|a Slovensko
|
| 773 |
0 |
|
|t Aktuálne problémy v ochrane lesa : zborník referátov z medzinárodnej konferencie v Novom Smokovci
|d Zvolen : Národné lesnícke centrum, 2011
|g S. 48-58
|z 9788080931360
|
| 958 |
|
|
|a SK
|
| 974 |
|
|
|a Va
|
| 992 |
|
|
|a RZB
|
| BAS |
|
|
|
| 852 |
|
|
|a SVKKK
|b BIB
|
| 856 |
4 |
1 |
|a http://www.los.sk/pdf/apol_zbor11_cely.pdf
|
| EXP |
|
|
|
| 998 |
|
|
|a GEO
|